000
00289nam a22001217a 4500
082
_a
001
_b
PAL/P
100
_a
PALATHINGAL, SIMON
245
_a
THE PARENT THE TELEVISION AND THE CHILD
260
_a
BANGALORE
_b
BOSCOMM CLUB
_c
1996
300
_a
51
650
_a
PSYCHOLOGY
_z
INDIA
942
_c
BK
999
_c
5688
_d
5688